Aplicación práctica de la tasa normal y reducida del ISR, nuevo régimen de dividendos y reducciones de capital (Record no. 54095)
[ view plain ]
| 000 -LEADER | |
|---|---|
| fixed length control field | 01124cam a2200229 4500 |
| 005 - DATE AND TIME OF LATEST TRANSACTION | |
| control field | 20230622100123.0 |
| 008 - FIXED-LENGTH DATA ELEMENTS--GENERAL INFORMATION | |
| fixed length control field | 101126r20002000 mx 000 0 spa u |
| 020 ## - INTERNATIONAL STANDARD BOOK NUMBER | |
| International Standard Book Number | 9706650520 |
| 050 04 - LIBRARY OF CONGRESS CALL NUMBER | |
| Classification number | HJ4664 |
| Item number | N68 2000 |
| 100 1# - MAIN ENTRY--PERSONAL NAME | |
| Personal name | Novoa Franco, Jorge |
| Relator term | autor |
| 110 2# - MAIN ENTRY--CORPORATE NAME | |
| Corporate name or jurisdiction name as entry element | Instituto Mexicano de Contadores Públicos |
| 245 10 - TITLE STATEMENT | |
| Title | Aplicación práctica de la tasa normal y reducida del ISR, nuevo régimen de dividendos y reducciones de capital |
| Remainder of title | : actualizado con las disposiciones vigentes a partir del 2000 |
| Statement of responsibility, etc | / Jorge Novoa Franco, Alfonso Pérez Reguera. |
| 250 ## - EDITION STATEMENT | |
| Edition statement | 2a ed. |
| 260 ## - PUBLICATION, DISTRIBUTION, ETC. (IMPRINT) | |
| Place of publication, distribution, etc | México: |
| Name of publisher, distributor, etc | Instituto Mexicano de Contadores Públicos, |
| Date of publication, distribution, etc | 2000 |
| 300 ## - PHYSICAL DESCRIPTION | |
| Extent | 148 p. ; |
| Dimensions | 30 cm. |
| 500 ## - GENERAL NOTE | |
| General note | En la portada :<br/>"°Textos comparados. °Comentarios. °Aplicaciones prácticas. °Impuesto diferido y su contabilización. °Determinación del ajuste semestral para ISR. °Caso práctico integral." |
| 650 #7 - SUBJECT ADDED ENTRY--TOPICAL TERM | |
| Source of heading or term | lemb |
| Topical term or geographic name as entry element | Impuesto sobre la renta |
| Geographic subdivision | México |
| 650 #7 - SUBJECT ADDED ENTRY--TOPICAL TERM | |
| Source of heading or term | lemb |
| Topical term or geographic name as entry element | Impuestos |
| Geographic subdivision | México |
| 700 1# - ADDED ENTRY--PERSONAL NAME | |
| Personal name | Pérez Reguera, Alfonso |
| Relator term | autor |
| 710 2# - ADDED ENTRY--CORPORATE NAME | |
| Corporate name or jurisdiction name as entry element | Instituto Mexicano de Contadores Públicos |
| 942 ## - ADDED ENTRY ELEMENTS (KOHA) | |
| Source of classification or shelving scheme | Biblioteca del Cogreso de los Estados Unidos |
| Koha item type | Libro |
| Estado de pérdida | Fuente de clasificación | Estado del daño | No para préstamo | Ubicación permanente | Ubicación actual | Apartado o colección | Fecha de adquisición | Fuente de adquisición | Edición | Dependencia de educación superior (DES) | Área del conocimiento | Clasificación | Código de Barras | Date last seen | Número de copia | Costo por reposición | Tipo de recurso | Nota pública |
|---|---|---|---|---|---|---|---|---|---|---|---|---|---|---|---|---|---|---|
| Biblioteca del Cogreso de los Estados Unidos | Consulta | Biblioteca de la Facultad de Contaduría y Ciencias Administrativas | Biblioteca de la Facultad de Contaduría y Ciencias Administrativas | General | 07/05/2015 | Unidad Académica | 2a ed. | Ciencias Económico Administrativas | Ciencias Sociales y Administrativas | HJ4664 N68 2000 | BCCA000006745 | 07/05/2015 | C:1 | 200.00 | Libro | 1a reimp. | ||
| Biblioteca del Cogreso de los Estados Unidos | Biblioteca de la Facultad de Contaduría y Ciencias Administrativas | Biblioteca de la Facultad de Contaduría y Ciencias Administrativas | General | 23/06/2015 | Unidad Académica | 2a ed. | Ciencias Económico Administrativas | Ciencias Sociales y Administrativas | HJ4664 N68 2000 | BCCA000006746 | 23/06/2015 | C:2 | 200.00 | Libro | 1a reimp. | |||
| Biblioteca del Cogreso de los Estados Unidos | Biblioteca de la Facultad de Contaduría y Ciencias Administrativas | Biblioteca de la Facultad de Contaduría y Ciencias Administrativas | General | 23/06/2015 | Unidad Académica | 2a ed. | Ciencias Económico Administrativas | Ciencias Sociales y Administrativas | HJ4664 N68 2000 | BCCA000006747 | 23/06/2015 | C:3 | 200.00 | Libro | 1a reimp. |